000 00658nam a22002417a 4500
003 UA-OsUOA
001 44098
007 ta
008 20070207b un ||||| |||| 00| 0 ukr d
100 _aНиколин М.М.
090 _a241.53(072)
_bН63
942 _cBK
040 _aUA-OsUOA
_bukr
_cUA-OsUOA
_dUA-OsUOA
245 _aХристиянська етика
_bПосібник для 5 класу
300 _a120 с.
955 _a2
041 _aukr
080 _a241.53(072)
020 _a966-634-210-3
260 _aТернопіль
_bМандрівець
_c2006
650 7 _a2 Релігія. Теологія.
_2UDC
999 _c330222
_d330222